Úvod do termomechaniky /
Uloženo v:
| Hlavní autoři: | , |
|---|---|
| Médium: | Kniha |
| Jazyk: | slovenština |
| Vydáno: |
Žilina :
Žilinská univerzita v Žiline,
2006
|
| Vydání: | 1. vyd. |
| Témata: | |
| ISBN: | 8080705356 |
| On-line přístup: |
|
| Tagy: |
Přidat tag
Žádné tagy, Buďte první, kdo vytvoří štítek k tomuto záznamu!
|
MARC
| LEADER | 00000nam a2200000 4500 | ||
|---|---|---|---|
| 003 | SK-BrCVT | ||
| 005 | 20220621162855.0 | ||
| 008 | 070628s2006 xo e ||||||slo d | ||
| 020 | |a 8080705356 | ||
| 035 | |a CVTIDW1409513 | ||
| 040 | |b slo |a CVTI SR |e AACR2 | ||
| 041 | 0 | |a slo | |
| 044 | |a xo | ||
| 080 | |a 536 |2 UDC-MRF | ||
| 100 | 1 | |a Kriššák, Peter |4 aut | |
| 245 | 1 | 0 | |a Úvod do termomechaniky / |c Peter Kriššák, Jana Müllerová |
| 250 | |a 1. vyd. | ||
| 260 | |a Žilina : |b Žilinská univerzita v Žiline, |c 2006 | ||
| 300 | |a 188 s. : |b fotogr., grafy, lit., obr., tab. ; | ||
| 500 | |a Strojnícka fakulta | ||
| 653 | 1 | |a energia |a teplo |a tepelná kapacita |a termodynamika |a termokinetika |a vodná para | |
| 700 | 1 | |a Müllerová, Jana |4 aut | |
| 910 | |b S602398 |b S602399 | ||
| 919 | |a 80-8070-535-6 | ||
| 974 | |f Knihy | ||
| 992 | |a ASK | ||
| 999 | |c 152920 |d 152920 | ||

